[Event "EU-Cup 39th"]
[Site "Vrnjacka Banja"]
[Date "2024.10.21"]
[Round "2.6"]
[White "Gnichtel, Gerd"]
[Black "Atalik, Suat"]
[Result "0-1"]
[WhiteElo "2135"]
[BlackElo "2412"]
[PlyCount "92"]
[EventDate "2024.10.20"]
[EventType "team-swiss"]
[EventRounds "7"]
[EventCountry "SRB"]
[SourceTitle "CB44_2024"]
[Source "Chessbase"]
[SourceDate "2024.10.30"]
[SourceVersion "1"]
[SourceVersionDate "2024.10.30"]
[SourceQuality "1"]
[WhiteTeam "De Sprenger Echternach"]
[BlackTeam "Zmaj"]
[WhiteTeamCountry "GER"]
[BlackTeamCountry "SRB"]

1. d4 e6 2. c4 Bb4+ 3. Bd2 a5 4. Nf3 d5 5. e3 Nf6 6. Bd3 0-0 7. 0-0 b6 8. Nc3 Bb7 9. cxd5 exd5 10. Qc2 c5 11. b3 Nc6 12. a3 cxd4 13. exd4 Bxc3 14. Qxc3 Ne4 15. Qb2 Re8 16. Rac1 Qd6 17. Rfe1 f6 18. Bb5 Rec8 19. Be3 Qd8 20. Nd2 Nd6 21. Bd3 Ba6 22. Qb1 Bxd3 23. Qxd3 Qd7 24. Bf4 Qf5 25. Qxf5 Nxf5 26. Nf3 g5 27. Be3 g4 28. Nd2 Ncxd4 29. Bxd4 Nxd4 30. Kf1 Nc2 31. Red1 Nxa3 32. Nb1 Rxc1 33. Rxc1 Nxb1 34. Rxb1 Kf7 35. Rc1 b5 36. Rc5 a4 37. bxa4 bxa4 38. Rxd5 a3 39. Rd1 Ke6 40. Ke2 Ke5 41. Ke3 a2 42. Ra1 Ra3+ 43. Kd2 Kd4 44. Kc2 Ra6 45. Rd1+ Kc4 46. Ra1 f5 0-1

[Event "EU-Cup 36th"]
[Site "Struga"]
[Date "2021.09.24"]
[Round "7.4"]
[White "Gnichtel, Gerd"]
[Black "Lobersli, Henrik Oie"]
[Result "1/2-1/2"]
[WhiteElo "2136"]
[BlackElo "1987"]
[PlyCount "65"]
[EventDate "2021.09.18"]
[EventType "team-swiss"]
[EventRounds "7"]
[EventCountry "MKD"]
[SourceTitle "CBM 204 Extra"]
[Source "ChessBase"]
[SourceDate "2021.11.30"]
[SourceVersion "1"]
[SourceVersionDate "2021.11.30"]
[SourceQuality "1"]
[WhiteTeam "Echternach Sprenger"]
[BlackTeam "Baerum"]
[WhiteTeamCountry "LUX"]
[BlackTeamCountry "NOR"]

1. d4 Nf6 2. Nf3 e6 3. c4 b6 4. g3 Ba6 5. b3 Bb4+ 6. Bd2 Be7 7. Bc3 c6 8. Bg2 d5 9. Ne5 Nfd7 10. Nxd7 Nxd7 11. Nd2 0-0 12. 0-0 Rc8 13. e4 b5 14. Re1 dxc4 15. bxc4 bxc4 16. Qa4 Bb5 17. Qc2 Re8 18. a4 Ba6 19. Qa2 c5 20. d5 exd5 21. exd5 Nb6 22. Ba5 Bf6 23. Rac1 Rxe1+ 24. Rxe1 Bb7 25. Bxb6 axb6 26. Qxc4 g6 27. Rb1 Ba8 28. h4 h5 29. Re1 Kg7 30. Nb3 Qd6 31. a5 bxa5 32. Nxa5 Rd8 33. Nc6 1/2-1/2

[Event "EU-Cup 36th"]
[Site "Struga"]
[Date "2021.09.21"]
[Round "4.4"]
[White "Rasti, Arvin"]
[Black "Gnichtel, Gerd"]
[Result "0-1"]
[WhiteElo "2219"]
[BlackElo "2136"]
[PlyCount "116"]
[EventDate "2021.09.18"]
[EventType "team-swiss"]
[EventRounds "7"]
[EventCountry "MKD"]
[SourceTitle "CBM 204 Extra"]
[Source "ChessBase"]
[SourceDate "2021.11.30"]
[SourceVersion "1"]
[SourceVersionDate "2021.11.30"]
[SourceQuality "1"]
[WhiteTeam "Pelaro Alingsas"]
[BlackTeam "Echternach Sprenger"]
[WhiteTeamCountry "SWE"]
[BlackTeamCountry "LUX"]

1. d4 Nf6 2. c4 g6 3. Nf3 Bg7 4. g3 d6 5. Bg2 0-0 6. 0-0 Nc6 7. Nc3 a6 8. d5 Na5 9. Nd2 c5 10. Qc2 Rb8 11. b3 b5 12. Rb1 bxc4 13. bxc4 Rxb1 14. Ncxb1 Qb6 15. Nc3 Bd7 16. Bb2 Rb8 17. Rb1 Qc7 18. h3 Rb4 19. a3 Rb7 20. Ba1 Qb8 21. Rxb7 Qxb7 22. Nd1 Qb6 23. Bc3 Ne8 24. Bxg7 Kxg7 25. e4 e5 26. dxe6 Bxe6 27. Qc3+ Kg8 28. Ne3 Nc6 29. f4 Qa5 30. Qd3 Nd4 31. Kh2 Qa4 32. e5 dxe5 33. fxe5 Kg7 34. Ne4 Qa5 35. Nd5 Bf5 36. Qe3 Bxe4 37. Bxe4 Qd8 38. h4 f6 39. h5 fxe5 40. h6+ Kg8 41. Bg2 Nf6 42. Kg1 Qd6 43. Be4 Nxe4 44. Qxe4 Nf5 45. g4 Nxh6 46. g5 Nf7 47. Nf6+ Kh8 48. Qa8+ Qd8 49. Qb7 Nxg5 50. Nd5 Ne4 51. Qb2 Qg5+ 52. Kf1 Nd2+ 53. Kf2 Nxc4 54. Qb8+ Kg7 55. Qc7+ Kh6 56. Qxc5 Qd2+ 57. Kf1 Qd1+ 58. Kg2 Qxd5+ 0-1

[Event "Zweibruecken PSB-ch MTB 82nd"]
[Site "Zweibruecken"]
[Date "2013.03.28"]
[Round "5"]
[White "Nasshan, Dennis"]
[Black "Gnichtel, Gerd"]
[Result "1-0"]
[WhiteElo "2136"]
[BlackElo "2152"]
[PlyCount "81"]
[EventDate "2013.??.??"]
[EventType "tourn"]
[EventRounds "9"]
[EventCountry "GER"]
[SourceTitle "EXT 2014"]
[Source "ChessBase"]
[SourceDate "2013.11.20"]
[SourceVersion "1"]
[SourceVersionDate "2013.11.20"]
[SourceQuality "1"]

1. e4 c5 2. Nf3 Nc6 3. Bb5 g6 4. 0-0 Bg7 5. Re1 Nf6 6. c3 0-0 7. h3 Qb6 8. Na3 a6 9. Bf1 Rd8 10. d3 d6 11. Qc2 Bd7 12. Bg5 Rac8 13. Nc4 Qc7 14. Ne3 Be6 15. Bh4 h6 16. Qd2 Kh7 17. Bxf6 Bxf6 18. Nd5 Bxd5 19. exd5 Nb8 20. Nh2 Rf8 21. g3 Rce8 22. Bg2 Nd7 23. Re2 Bg7 24. Rae1 Nf6 25. Nf1 Ng8 26. g4 b5 27. h4 Rb8 28. h5 b4 29. c4 Qa5 30. Ra1 Rb7 31. Ng3 Qd8 32. Be4 Nf6 33. Bf3 Ng8 34. Kg2 Qd7 35. g5 hxg5 36. hxg6+ fxg6 37. Rh1+ Bh6 38. Qxg5 Kg7 39. Rxh6 Nxh6 40. Re6 Qe8 41. Be4 1-0

[Event "EU-Cup 27th"]
[Site "Rogaska Slatina"]
[Date "2011.09.30"]
[Round "6"]
[White "Gnichtel, Gerd"]
[Black "Meurs, Tom WA"]
[Result "0-1"]
[WhiteElo "2147"]
[BlackElo "2217"]
[PlyCount "68"]
[EventDate "2011.09.25"]
[EventType "team-swiss"]
[EventRounds "7"]
[EventCountry "SLO"]
[SourceTitle "CBM 145"]
[Source "ChessBase"]
[SourceDate "2011.11.11"]
[SourceVersion "1"]
[SourceVersionDate "2011.11.11"]
[SourceQuality "1"]
[WhiteTeam "Echternach Sprenger"]
[BlackTeam "Homburg Apeldoorn"]
[WhiteTeamCountry "LUX"]
[BlackTeamCountry "NED"]

1. d4 d5 2. c4 c6 3. Nf3 Nf6 4. Nc3 e6 5. cxd5 cxd5 6. Bf4 Nc6 7. e3 Nh5 8. Bg5 Qb6 9. Qd2 h6 10. Bh4 g5 11. Bg3 Nxg3 12. hxg3 Bg7 13. Bd3 Qd8 14. Rc1 Bd7 15. b3 Rc8 16. 0-0 g4 17. Nh2 f5 18. f3 h5 19. Qf2 Qg5 20. f4 Qh6 21. Rfd1 Bf6 22. Rd2 h4 23. gxh4 g3 24. Qxg3 Bxh4 25. Qf3 Nxd4 26. exd4 Bf6 27. g3 Bxd4+ 28. Kf1 Rxc3 29. Rxc3 Bxc3 30. Rc2 Bd4 31. Ke1 Qg7 32. Nf1 Bb6 33. Qd1 Rh1 34. Be2 Qxg3+ 0-1

[Event "EU-Cup 27th"]
[Site "Rogaska Slatina"]
[Date "2011.09.25"]
[Round "1"]
[White "Pashikian, Arman"]
[Black "Gnichtel, Gerd"]
[Result "1-0"]
[WhiteElo "2618"]
[BlackElo "2147"]
[PlyCount "54"]
[EventDate "2011.09.25"]
[EventType "team-swiss"]
[EventRounds "7"]
[EventCountry "SLO"]
[SourceTitle "CBM 145"]
[Source "ChessBase"]
[SourceDate "2011.11.11"]
[SourceVersion "1"]
[SourceVersionDate "2011.11.11"]
[SourceQuality "1"]
[WhiteTeam "Yerevan Mika"]
[BlackTeam "Echternach Sprenger"]
[WhiteTeamCountry "ARM"]
[BlackTeamCountry "LUX"]

1. d4 Nf6 2. c4 g6 3. Nc3 Bg7 4. e4 d6 5. Nf3 0-0 6. h3 e5 7. d5 c6 8. Bg5 cxd5 9. cxd5 h6 10. Be3 h5 11. Be2 Nh7 12. g4 h4 13. Qd2 f5 14. gxf5 gxf5 15. exf5 Bxf5 16. Rg1 Nd7 17. Ng5 Qe7 18. Ne6 Bxe6 19. dxe6 Qxe6 20. Bg4 Qe7 21. Nd5 Qf7 22. Nc7 Kh8 23. Nxa8 Rxa8 24. Qxd6 Nb6 25. Be6 Qf3 26. Rc1 Nf8 27. Rxg7 Kxg7 1-0

[Event "EU-Cup 25th"]
[Site "Ohrid"]
[Date "2009.10.10"]
[Round "7.5"]
[White "Gnichtel, Gerd"]
[Black "Van Wessel, Rudy"]
[Result "0-1"]
[WhiteElo "2187"]
[BlackElo "2340"]
[PlyCount "110"]
[EventDate "2009.10.04"]
[EventType "team-swiss"]
[EventRounds "7"]
[EventCountry "MKD"]
[SourceTitle "CBM 133"]
[Source "ChessBase"]
[SourceDate "2009.11.19"]
[SourceVersion "1"]
[SourceVersionDate "2009.11.19"]
[SourceQuality "1"]
[WhiteTeam "Echternach Sprenger"]
[BlackTeam "Leiden LSG"]
[WhiteTeamCountry "LUX"]
[BlackTeamCountry "NED"]

1. d4 d5 2. c4 c6 3. Nf3 Nf6 4. Nc3 a6 5. a4 e6 6. Bg5 Nbd7 7. cxd5 exd5 8. e3 a5 9. Bd3 Bd6 10. 0-0 0-0 11. Qc2 h6 12. Bf4 Qe7 13. Bxd6 Qxd6 14. Ne2 Re8 15. Ng3 Nf8 16. Rac1 g6 17. Rce1 Be6 18. Ne5 N6d7 19. f4 f5 20. Nxg6 Nxg6 21. Nxf5 Bxf5 22. Bxf5 Ngf8 23. Rf3 Re7 24. g4 Nf6 25. Kh1 Rae8 26. Qf2 Ne4 27. Qh4 Rg7 28. Rg1 Qf6 29. Qh5 Ree7 30. Bxe4 Rxe4 31. Rh3 Rg6 32. g5 hxg5 33. fxg5 Qg7 34. Rf3 Re8 35. Qg4 Rge6 36. Rgg3 Qg6 37. h4 Qb1+ 38. Rg1 Qe4 39. Qh3 R8e7 40. Kh2 Rf7 41. Rgf1 Ree7 42. h5 Rxf3 43. Qxf3 c5 44. dxc5 d4 45. exd4 Qxd4 46. Qg3 Re2+ 47. Kh3 Qd7+ 48. Kh4 Qxa4+ 49. Kh3 Qd7+ 50. Kh4 Re4+ 51. Rf4 Qf5 52. Rxe4 Qxe4+ 53. Kh3 Ne6 54. h6 Kh7 55. Kh2 Qf4 0-1

[Event "EU-Cup 25th"]
[Site "Ohrid"]
[Date "2009.10.08"]
[Round "5.5"]
[White "Gnichtel, Gerd"]
[Black "Stray, Gunnar"]
[Result "1-0"]
[WhiteElo "2187"]
[BlackElo "2073"]
[PlyCount "119"]
[EventDate "2009.10.04"]
[EventType "team-swiss"]
[EventRounds "7"]
[EventCountry "MKD"]
[SourceTitle "CBM 133"]
[Source "ChessBase"]
[SourceDate "2009.11.19"]
[SourceVersion "1"]
[SourceVersionDate "2009.11.19"]
[SourceQuality "1"]
[WhiteTeam "Echternach Sprenger"]
[BlackTeam "Moss"]
[WhiteTeamCountry "LUX"]
[BlackTeamCountry "NOR"]

1. d4 f5 2. g3 Nf6 3. Bg2 e6 4. Nf3 d5 5. c4 c6 6. 0-0 Bd6 7. b3 Qe7 8. Qc2 0-0 9. Nbd2 Ne4 10. Bb2 Nd7 11. Ne5 Nxd2 12. Qxd2 Nxe5 13. dxe5 Bb4 14. Qc2 a5 15. Rfc1 a4 16. a3 axb3 17. Qxb3 Ba5 18. a4 Bb4 19. e3 Rd8 20. cxd5 exd5 21. Bc3 Bxc3 22. Qxc3 Be6 23. a5 Rdc8 24. Rd1 Ra7 25. h4 Rca8 26. Bf1 Bd7 27. Rdb1 Be8 28. Rb6 Qc7 29. Rab1 Rd8 30. Bd3 g6 31. a6 bxa6 32. Bxa6 Qe7 33. Rb7 Rd7 34. R7b6 Rdc7 35. Qd4 Qg7 36. f4 Qe7 37. Kf2 h6 38. Be2 Kh7 39. R1b2 Kg8 40. Rb8 Rab7 41. Ba6 Ra7 42. Bc8 Kh7 43. h5 Qf7 44. hxg6+ Kxg6 45. Qd3 h5 46. Bxf5+ Qxf5 47. Qxf5+ Kxf5 48. Rxe8 Re7 49. Rf8+ Rf7 50. Rxf7+ Rxf7 51. Rb6 h4 52. gxh4 Ke4 53. Rxc6 Rh7 54. e6 Rb7 55. Rd6 Re7 56. h5 Re8 57. h6 Re7 58. Kg3 Rh7 59. Kg4 Rh8 60. Kg5 1-0

[Event "EU-Cup 25th"]
[Site "Ohrid"]
[Date "2009.10.07"]
[Round "4.5"]
[White "Gnichtel, Gerd"]
[Black "Welling, Gerard J"]
[Result "0-1"]
[WhiteElo "2187"]
[BlackElo "2372"]
[PlyCount "100"]
[EventDate "2009.10.04"]
[EventType "team-swiss"]
[EventRounds "7"]
[EventCountry "MKD"]
[SourceTitle "CBM 133"]
[Source "ChessBase"]
[SourceDate "2009.11.19"]
[SourceVersion "1"]
[SourceVersionDate "2009.11.19"]
[SourceQuality "1"]
[WhiteTeam "Echternach Sprenger"]
[BlackTeam "Calder HMC"]
[WhiteTeamCountry "LUX"]
[BlackTeamCountry "NED"]

1. d4 g6 2. Nf3 Bg7 3. c3 d6 4. Bf4 Nd7 5. Nbd2 e5 6. Bg3 f5 7. dxe5 dxe5 8. e4 f4 9. Bh4 Bf6 10. Bxf6 Ngxf6 11. Bc4 Qe7 12. Qc2 c6 13. a4 a5 14. 0-0 Kf8 15. Rfb1 h6 16. b4 g5 17. Qd3 Kg7 18. Nb3 axb4 19. cxb4 Nf8 20. b5 Ng6 21. Rd1 Bg4 22. Qd6 Qxd6 23. Rxd6 cxb5 24. Bxb5 Bxf3 25. gxf3 Nh4 26. Be2 Rhc8 27. Rb6 Rc7 28. Rb5 g4 29. Nc5 Kh7 30. Rxb7 Rxb7 31. Nxb7 Nxf3+ 32. Kg2 Nd4 33. Bd3 f3+ 34. Kf1 Rb8 35. Rb1 Rc8 36. Ke1 Rc3 37. Kd2 Ra3 38. Nc5 Ra2+ 39. Ke1 g3 40. hxg3 Ng4 41. Bc4 Rxf2 42. Rb7+ Kg6 43. Rb6+ Kg5 44. Bd3 Ra2 45. Ne6+ Nxe6 46. Rxe6 Ne3 47. Rxe5+ Kg4 48. Rf5 Nxf5 49. exf5 Kxg3 50. f6 f2+ 0-1

[Event "EU-Cup 23rd"]
[Site "Kemer"]
[Date "2007.10.08"]
[Round "6.3"]
[White "Piriyev, Maksat"]
[Black "Gnichtel, Gerd"]
[Result "1/2-1/2"]
[WhiteElo "2016"]
[BlackElo "2228"]
[PlyCount "61"]
[EventDate "2007.10.03"]
[EventType "team-swiss"]
[EventRounds "7"]
[EventCountry "TUR"]
[SourceTitle "CBM 121"]
[Source "ChessBase"]
[SourceDate "2007.11.14"]
[SourceVersion "1"]
[SourceVersionDate "2007.11.14"]
[SourceQuality "1"]
[WhiteTeam "Tarsus Zeka"]
[BlackTeam "Echternach Sprenger"]
[WhiteTeamCountry "TUR"]
[BlackTeamCountry "LUX"]

1. b4 d5 2. Bb2 Bg4 3. Nf3 Nd7 4. d3 e6 5. Nbd2 Ngf6 6. b5 c5 7. g3 Be7 8. Bg2 0-0 9. 0-0 a6 10. a4 axb5 11. axb5 Qc7 12. c4 Rfd8 13. Qc2 Bd6 14. Rxa8 Rxa8 15. Ra1 Rxa1+ 16. Bxa1 Qa5 17. Bc3 Qa3 18. h3 Bh5 19. Qb2 Qa7 20. Qa1 Qxa1+ 21. Bxa1 Kf8 22. Bb2 Ke7 23. Kf1 Kd8 24. Ke1 Kc7 25. Kd1 Kb6 26. Bc3 Ne8 27. g4 Bg6 28. Nh4 d4 29. Bb2 f6 30. Nxg6 hxg6 31. Ne4 1/2-1/2

[Event "EU-Cup 23rd"]
[Site "Kemer"]
[Date "2007.10.03"]
[Round "1.3"]
[White "Guidarelli, Laurent"]
[Black "Gnichtel, Gerd"]
[Result "1/2-1/2"]
[WhiteElo "2444"]
[BlackElo "2228"]
[PlyCount "140"]
[EventDate "2007.10.03"]
[EventType "team-swiss"]
[EventRounds "7"]
[EventCountry "TUR"]
[SourceTitle "CBM 121"]
[Source "ChessBase"]
[SourceDate "2007.11.14"]
[SourceVersion "1"]
[SourceVersionDate "2007.11.14"]
[SourceQuality "1"]
[WhiteTeam "Cannes"]
[BlackTeam "Echternach Sprenger"]
[WhiteTeamCountry "FRA"]
[BlackTeamCountry "LUX"]

1. d4 Nf6 2. c4 g6 3. Nf3 Bg7 4. g3 0-0 5. Bg2 d6 6. 0-0 Nbd7 7. Nc3 e5 8. h3 Re8 9. e4 exd4 10. Nxd4 Nc5 11. Re1 a5 12. Ndb5 Bd7 13. Bf4 Bxb5 14. cxb5 Nfd7 15. Qc2 Ne5 16. Rad1 Nc4 17. Bc1 Nb6 18. f4 Qe7 19. Be3 Rad8 20. Bf2 h5 21. Kh2 Rd7 22. b3 Rdd8 23. a3 c6 24. bxc6 bxc6 25. Ne2 Nbd7 26. Nd4 Nb8 27. Qc4 Rc8 28. e5 dxe5 29. fxe5 Ne6 30. a4 Nxd4 31. Bxd4 h4 32. gxh4 Qxh4 33. e6 Qf4+ 34. Kh1 fxe6 35. Rxe6 Kh8 36. Rxe8+ Rxe8 37. Bb6 Qg3 38. Bxa5 Re5 39. Bc7 Re1+ 40. Rxe1 Qxe1+ 41. Qf1 Qb4 42. Qd3 Qe1+ 43. Kh2 Be5+ 44. Bxe5+ Qxe5+ 45. Qg3 Qe8 46. Qd6 Kg7 47. Qd4+ Kh7 48. Kg3 Qe1+ 49. Kf3 Qe8 50. Qh4+ Kg7 51. Qd4+ Kh7 52. Qf6 Nd7 53. Qh4+ Kg7 54. Qd4+ Kh7 55. Kf2 Ne5 56. a5 Qf7+ 57. Ke2 Qe7 58. Qe4 Qc5 59. a6 Qb5+ 60. Kf2 Qxa6 61. Qxe5 Qa2+ 62. Kg1 Qxb3 63. Qc7+ Kh6 64. Qf4+ Kg7 65. Qc7+ Kh6 66. Qf4+ Kg7 67. Qc7+ Kh6 68. Qxc6 Qe3+ 69. Kf1 Qd3+ 70. Kf2 Qd2+ 1/2-1/2

[Event "Deizisau Herbst op 1st"]
[Site "Deizisau"]
[Date "2006.10.30"]
[Round "3"]
[White "Meijers, Viesturs"]
[Black "Gnichtel, Gerd"]
[Result "1/2-1/2"]
[WhiteElo "2465"]
[BlackElo "2217"]
[PlyCount "118"]
[EventDate "2006.10.29"]
[EventType "swiss"]
[EventRounds "7"]
[EventCountry "GER"]
[SourceTitle "EXT 2022"]
[Source "ChessBase"]
[SourceDate "2021.10.06"]
[SourceVersion "1"]
[SourceVersionDate "2021.10.06"]
[SourceQuality "1"]

1. e4 c5 2. Nf3 Nc6 3. d4 cxd4 4. Nxd4 Nf6 5. Nc3 e5 6. Ndb5 d6 7. Bg5 a6 8. Na3 b5 9. Nd5 Be7 10. Bxf6 Bxf6 11. c3 0-0 12. Nc2 Bg5 13. Be2 Be6 14. 0-0 Ne7 15. Ncb4 a5 16. Nxe7+ Qxe7 17. Nd5 Qb7 18. Qb3 Bxd5 19. Qxd5 Qxd5 20. exd5 Rab8 21. a3 Rfc8 22. g3 Rc5 23. h4 Bf6 24. Rfd1 g6 25. Rac1 e4 26. Rb1 Be5 27. Kg2 f5 28. f3 exf3+ 29. Kxf3 Kg7 30. Rd3 Rcc8 31. Kf2 Kf6 32. Ke1 h6 33. Kd2 g5 34. h5 Rc7 35. Rf1 b4 36. cxb4 axb4 37. Rb3 Rbc8 38. Bd3 f4 39. Rxb4 Rc5 40. gxf4 Bxf4+ 41. Rbxf4+ gxf4 42. Rxf4+ Ke5 43. Rf5+ Kd4 44. Rf6 Rxd5 45. Rxh6 Rb8 46. b4 Ra8 47. Re6 Rxh5 48. Re4+ Kd5 49. Re3 Rxa3 50. Be4+ Kd4 51. Rxa3 Rh2+ 52. Ke1 Kxe4 53. b5 Kd5 54. Rc3 Rh7 55. Ke2 Rb7 56. Rb3 Kc5 57. Kd3 Rxb5 58. Rxb5+ Kxb5 59. Kd4 Kc6 1/2-1/2